Best Actor winners and nominees at The Actor Awards (SAG) since 1995 - Statistics

General Stats
  • This quiz has been taken 12 times
  • The average score is 127 of 160
Answer Stats
Year Actor Movie % Correct
2020 Adam Driver Marriage Story
100%
2003 Adrien Brody The Pianist
100%
2025 Adrien Brody The Brutalist
100%
2013 Bradley Cooper Silver Linings Playbook
100%
2019 Bradley Cooper A Star Is Born
100%
2024 Bradley Cooper Maestro
100%
2009 Brad Pitt The Curious Case of Benjamin Button
100%
2012 Brad Pitt Moneyball
100%
2023 Brendan Fraser The Whale
100%
2024 Cillian Murphy Oppenheimer
100%
2003 Daniel Day-Lewis Gangs of New York
100%
2008 Daniel Day-Lewis There Will Be Blood
100%
2013 Daniel Day-Lewis Lincoln
100%
2000 Denzel Washington The Hurricane
100%
2002 Denzel Washington Training Day
100%
2013 Denzel Washington Flight
100%
2017 Denzel Washington Fences
100%
2018 Denzel Washington Roman J. Israel, Esq.
100%
2022 Denzel Washington The Tragedy of Macbeth
100%
2006 Joaquin Phoenix Walk the Line
100%
2020 Joaquin Phoenix Joker
100%
2019 John David Washington BlacKkKlansman
100%
2004 Johnny Depp Pirates of the Caribbean: The Curse of the Black Pearl
100%
2005 Johnny Depp Finding Neverland
100%
2016 Johnny Depp Black Mass
100%
2005 Leonardo DiCaprio The Aviator
100%
2007 Leonardo DiCaprio Blood Diamond
100%
2012 Leonardo DiCaprio J. Edgar
100%
2016 Leonardo DiCaprio The Revenant
100%
2020 Leonardo DiCaprio Once Upon a Time in Hollywood
100%
2026 Leonardo DiCaprio One Battle After Another
100%
1998 Matt Damon Good Will Hunting
100%
2026 Michael B. Jordan Sinners
100%
1995 Morgan Freeman The Shawshank Redemption
100%
2010 Morgan Freeman Invictus
100%
2019 Rami Malek Bohemian Rapsody
100%
2018 Timothée Chalamet Call Me by Your Name
100%
2025 Timothée Chalamet A Complete Unknown
100%
2026 Timothée Chalamet Marty Supreme
100%
1995 Tom Hanks Forrest Gump
100%
1999 Tom Hanks Saving Private Ryan
100%
2001 Tom Hanks Cast Away
100%
2014 Tom Hanks Captain Phillips
100%
2007 Will Smith The Pursuit of Happyness
100%
2022 Will Smith King Richard
100%
2017 Andrew Garfield Hacksaw Ridge
89%
2022 Andrew Garfield Tick, Tick...Boom!
89%
1996 Anthony Hopkins Nixon
89%
2021 Anthony Hopkins The Father
89%
2015 Benedict Cumberbatch The Imitation Game
89%
2022 Benedict Cumberbatch The Power of the Dog
89%
2004 Bill Murray Lost in Translation
89%
2017 Casey Affleck Manchester by the Sea
89%
2021 Chadwick Boseman Ma Rainey's Black Bottom
89%
2019 Christian Bale Vice
89%
2020 Christian Bale Ford v Ferrari
89%
2023 Colin Farrell The Banshees of Inisherin
89%
2010 Colin Firth A Single Man
89%
2011 Colin Firth The King's Speech
89%
2015 Eddie Redmayne The Theory of Everything
89%
2016 Eddie Redmayne The Danish Girl
89%
2008 George Clooney Michael Clayton
89%
2010 George Clooney Up in the Air
89%
2012 George Clooney The Descendants
89%
1998 Jack Nicholson As Good As It Gets
89%
2003 Jack Nicholson About Schmidt
89%
2015 Jake Gyllenhaal Nightcrawler
89%
2011 James Franco 127 hours
89%
2018 James Franco The Disaster Artist
89%
2010 Jeff Bridges Crazy Heart
89%
2011 Jeff Bridges True Grit
89%
2011 Jesse Eisenberg The Social Network
89%
2000 Jim Carrey Man on the Moon
89%
1995 John Travolta Pulp Fiction
89%
1999 Joseph Fiennes Shakespeare in Love
89%
2014 Matthew McConaughey Dallas Buyers Club
89%
2015 Michael Keaton Birdman or (The Unexpected Virtue of Ignorance)
89%
1996 Nicolas Cage Leaving Las Vegas
89%
2003 Nicolas Cage Adaptation
89%
1997 Ralph Fiennes The English Patient
89%
2025 Ralph Fiennes Conclave
89%
2000 Russell Crowe The Insider
89%
2001 Russell Crowe Gladiator
89%
2002 Russell Crowe A Beautiful Mind
89%
2006 Russell Crowe Cinderella Man
89%
2007 Ryan Gosling Half Nelson
89%
2008 Ryan Gosling Lars and the Real Girl
89%
2017 Ryan Gosling La La Land
89%
1996 Sean Penn Dead Man Walking
89%
2002 Sean Penn I am Sam
89%
2004 Sean Penn Mystic River
89%
2009 Sean Penn Milk
89%
1995 Tim Robbins The Shawshank Redemption
89%
1997 Tom Cruise Jerry Maguire
89%
2008 Viggo Mortensen Eastern Promises
89%
2017 Viggo Mortensen Captain Fantastic
89%
2019 Viggo Mortensen Green Book
89%
2023 Austin Butler Elvis
78%
2014 Chiwetel Ejiofor 12 Years a Slave
78%
2024 Colman Domingo Rustin
78%
2025 Colman Domingo Sing Sing
78%
2025 Daniel Craig Queer
78%
2018 Daniel Kaluuya Get Out
78%
2005 Don Cheadle Hotel Rwanda
78%
1998 Dustin Hoffman Walk the Dog
78%
2026 Ethan Hawke Blue Moon
78%
2018 Gary Oldman Darkest Hour
78%
2021 Gary Oldman Mank
78%
2006 Heath Ledger Brokeback Mountain
78%
2013 Hugh Jackman Les Miserables
78%
1999 Ian McKellen Gods and Monsters
78%
2005 Jamie Foxx Ray
78%
2022 Javier Bardem Being the Ricardos
78%
2026 Jesse Plemons Bugonia
78%
2000 Kevin Spacey American Beauty
78%
2016 Michael Fassbender Steve Jobs
78%
2000 Philip Seymour Hoffman Flawless
78%
2006 Philip Seymour Hoffman Capote
78%
2021 Riz Ahmed Sound of Metal
78%
2015 Steve Carell Foxcatcher
78%
1997 Woody Harrelson The People vs. Larry Flynt
78%
2001 Benicio del Toro Traffic
67%
2016 Bryan Cranston Trumbo
67%
2007 Forest Whitaker The Last King of Scotland
67%
2014 Forest Whitaker The Butler
67%
2024 Jeffrey Wright American Fiction
67%
2010 Jeremy Renner The Hurt Locker
67%
2009 Mickey Rourke The Wrestler
67%
2005 Paul Giamatti Sideways
67%
2024 Paul Giamatti The Holdovers
67%
1999 Roberto Benigni La Vita è Bella
67%
2020 Taron Egerton Rocketman
67%
2023 Adam Sandler Hustle
56%
2023 Bill Nighy Living
56%
2014 Bruce Dern Nebraska
56%
1997 Geoffrey Rush Shine
56%
2001 Geoffrey Rush Quills
56%
2012 Jean Dujardin The Artist
56%
2003 Richard Gere Chicago
56%
2021 Steven Yeun Minari
56%
2004 Ben Kingsley House of Sand and Fog
44%
2002 Tom Wilkinson In the Bedroom
44%
1997 Billy Bob Thornton Sling Blade
33%
2012 Demian Bichir A Better Life
33%
2009 Frank Langella Frost/Nixon
33%
1996 James Earl Jones Cry, the Beloved Country
33%
2013 John Hawkes The Sessions
33%
1999 Nick Nolte Affliction
33%
1998 Peter Fonda Ulee's Gold
33%
2007 Peter O'Toole Venus
33%
2006 David Strathairn Good Night and Good Luck
22%
2008 Emile Hirsch Into the Wild
22%
2001 Jamie Bell Billy Elliot
22%
1996 Massimo Troisi Il Postino
22%
1995 Paul Newman Nobody's Fool
22%
2009 Richard Jenkins The Visitor
22%
2002 Kevin Kline Life as a House
11%
2004 Peter Dinklage The Station Agent
11%
1998 Robert Duvall The Apostle
11%
2011 Robert Duvall Get Low
11%
No matching quizzes found
Score Distribution
Percent of People with Each Score
Percentile by Number Answered
Your Score History
You have not taken this quiz